Movies Quiz

Random Movies Quiz
Score 0/24 Timer 06:00
1 Play Today
Movie % Correct
Titanic
98.9%
Shrek
98.6%
Jaws
97.6%
Up
97.6%
Avatar
95.8%
Grease
95.2%
Gladiator
91.1%
Cars
89.9%
Braveheart
88.7%
Pocahontas
84.7%
Gremlins
81.1%
Twister
81.1%
Movie % Correct
Alien
80.9%
Rocky
76.7%
GoodFellas
70.3%
Casablanca
67.9%
Armageddon
61.6%
Memento
57.3%
Platoon
52.2%
Se7en
49.5%
Inception
45.4%
Saw
44.2%
Wanted
37.2%
Prometheus
24.7%
Remove Ads.
Support Sporcle.
Get the best of Sporcle when you Go Orange. This ad-free experience offers more features, more stats, and more fun while also helping to support Sporcle. Thank you for becoming a member.

You're not logged in!

Compare scores with friends on all Sporcle quizzes.
OR
Log In

Show Comments

Extras

Top Quizzes Today


Score Distribution

Your Account Isn't Verified!

In order to create a playlist on Sporcle, you need to verify the email address you used during registration. Go to your Sporcle Settings to finish the process.

Report this User

Report this user for behavior that violates our Community Guidelines.

Details: